| 000 | 01734nam a2200505 i 4500 | ||
|---|---|---|---|
| 001 | 31125 | ||
| 003 | KOSZ 005 | ||
| 005 | 20240405063053.0 | ||
| 008 | 970612s1989 pl a |000 0 pol | ||
| 015 | _aUWD 1991/1146 | ||
| 035 | _a991001670319705066 | ||
| 035 | _a(PL-WaBN)b10472769-48omnis_nlop | ||
| 035 | _ab10472769 | ||
| 035 | _a(OCoLC)804479479 | ||
| 035 | _a(PL)b0000001047276 | ||
| 035 | _a(EXLNZ-48OMNIS_NETWORK)9910326688005606 | ||
| 040 |
_aWA N _cWA N _dKOSZ 005/HR |
||
| 045 |
_bd1945 _bd1950 |
||
| 046 | _k1989 | ||
| 080 | _a7.05(438)"19" | ||
| 080 | _a(02.025.2) | ||
| 100 | 1 |
_aCzerniewska, Krystyna _eAutor |
|
| 245 | 1 | 0 |
_aZ dziejów wzornictwa w powojennej Polsce (1945-1950) / _cKrystyna Czerniewska, Jolanta Olejniczak ; Instytut Wzornictwa Przemysłowego-Warszawa. |
| 260 |
_aWarszawa : _bIWP, _c1989. |
||
| 300 |
_a62, [2] s. : _bfot. ; _c22 cm. |
||
| 336 |
_aTekst _btxt _2rdacontent |
||
| 337 |
_aBez urządzenia pośredniczącego _bn _2rdamedia |
||
| 338 |
_aWolumin _bnc _2rdacarrier |
||
| 380 | _aKsiążki | ||
| 388 | _a1901-2000 | ||
| 388 | _a1989-2000 | ||
| 490 | 1 |
_aBiblioteka Wzornictwa, _x9860-4320 ; _v16 |
|
| 504 | _aBibliogr. s. 60-[63]. | ||
| 648 | 7 |
_a1901-2000 _2DBN |
|
| 648 | 7 |
_a1945-1989 _2DBN |
|
| 650 | 7 |
_aWzornictwo przemysłowe _2DBN |
|
| 651 | _aPolska | ||
| 658 | _aKultura i sztuka | ||
| 700 | 1 |
_aOlejniczak, Jolanta _eAutor |
|
| 830 | 0 |
_aBiblioteka Wzornictwa _v16 |
|
| 856 |
_uhttp://koha.tu.koszalin.pl/cgi-bin/koha/opac-detail.pl?biblionumber=31125 _yKatalog online BPK |
||
| 942 |
_2UKD _cKS |
||
| 999 |
_c31125 _d31125 |
||